Normal view
MARC view
Entry Personal Name
001 - CONTROL NUMBER
- control field: 7073
003 - CONTROL NUMBER IDENTIFIER
- control field: NUST
005 - DATE AND TIME OF LATEST TRANSACTION
- control field: 20171208111958.0
008 - FIXED-LENGTH DATA ELEMENTS
- fixed length control field: 171208|| aca||aabn | a|a d
040 ## - CATALOGING SOURCE
- Original cataloging agency: NUST
- Transcribing agency: NUST
100 ## - HEADING--PERSONAL NAME
- Personal name:
- General subdivision: Cybernetics.Sociological Perspectives
670 ## - SOURCE DATA FOUND
- Source citation: Work cat.: (NUST)23670: Norbert Wiener 1409, The Human Use Human Beings , 1989
